Guatemala: diez pinceladas de historia popular

Tallennettuna:
Bibliografiset tiedot
Yhteisötekijä: Comisión Internacional de Solidaridad con Guatemala
Aineistotyyppi: Teksti
Julkaistu: Guatemala: Comisión internacional de solidaridad con Guatemala
Tagit: Lisää tagi
Ei tageja, Lisää ensimmäinen tagi!

MARC

LEADER 00000 a a2200000 04500
001 21322
003
040
090 |a 093400  
110 |a Comisión Internacional de Solidaridad con Guatemala  
245 |a Guatemala: diez pinceladas de historia popular  
260 |a Guatemala:   |b Comisión internacional de solidaridad con Guatemala  
300 |a 18 p.  
999 |c 1740  |d 1740